000 00624nam a2200241Ia 4500
003 OSt
005 20221007101402.0
006 a|||||r|||| 00| 0
007 ta
008 221006b |||||||| |||| 00| 0 eng d
024 _a6,365
037 _cTextual
040 _aLCO
_cLCO
_beng
041 _2eng
_aeng
082 _aZ(Q2),12, L4
100 _aAgarwala R.K.
245 0 _aMatrimonial Remedies Under Hindu Law
260 _aBombay
_bN. M. Tripath Private LTD India
_c1974
300 _a332
650 _aHINDU LAW
942 _hZ(Q2),12, L4
_cTEXL
999 _c1175928
_d1175928